| 000 | 01717nam0a2200361 4500 | ||
|---|---|---|---|
| 001 | RU\NLR\BIBL_A\022142989 | ||
| 005 | 20240321160754.0 | ||
| 010 |
_a978-5-4492-0536-0 _970 |
||
| 021 |
_aRU _bКН-П-24-001710 _9КН-П-24-0146 |
||
| 035 | _a(NLR Aleph) 022142989 | ||
| 035 | _a(RuMoRGB)012509740 | ||
| 090 |
_a12871361 _c12871361 |
||
| 100 | _a20240219d2023 u y0rusy50 ca | ||
| 101 | 0 | _arus | |
| 102 | _aRU | ||
| 105 | _aachbz 000zd | ||
| 181 | 0 |
_ai3 _baxxe |
|
| 182 | 0 | _an | |
| 200 | 1 |
_aЗдесь начало моей Родины! _e[о селе Уношево Брянской области] _fЕ. А. Стовпец |
|
| 203 |
_aТекст _bвизуальный _cнепосредственный |
||
| 210 |
_aМосква _cКнигИздат _d2023 |
||
| 215 |
_a649 с. _cил., цв. ил., портр., факс., карты _d22 |
||
| 320 | _aБиблиогр.: с. 647-648 | ||
| 330 | _aВы держите в руках книгу - результат исследований об исторических событиях, о настоящем и прошлом села Уношево. идею создания книги подсказало желание сохранить историческую память для будущих поколений | ||
| 333 | _a16+ | ||
| 607 |
_aУношево, село (Брянская область) _xИстория _2nlr_sh2 _3RU\NLR\AUTH\6601737701 |
||
| 675 |
_a908(470.333-22) _v4 |
||
| 686 | 1 | _aТ3(2Р-4Бр)0,02 | |
| 700 | 1 |
_aСтовпец _bЕ. А. _f1949- _gЕвгений Антонович |
|
| 942 | _cBOOK | ||
| 980 | _aNB | ||